<?xml version="1.0" encoding="UTF-8"?>
<collection xmlns="http://www.loc.gov/MARC21/slim">
 <record>
  <leader>01284nam a2200265 a 4500</leader>
  <controlfield tag="001">4661097</controlfield>
  <controlfield tag="008">090827s1977    ii            100 0 eng d</controlfield>
  <datafield tag="010" ind1=" " ind2=" ">
   <subfield code="a">   79913132 </subfield>
  </datafield>
  <datafield tag="020" ind1=" " ind2=" ">
   <subfield code="c">Rs4.00 </subfield>
  </datafield>
  <datafield tag="040" ind1=" " ind2=" ">
   <subfield code="a">DLC</subfield>
   <subfield code="c">DLC</subfield>
   <subfield code="d">DLC</subfield>
  </datafield>
  <datafield tag="082" ind1="0" ind2="0">
   <subfield code="a">370.19/4/0954</subfield>
   <subfield code="2">19</subfield>
  </datafield>
  <datafield tag="245" ind1="0" ind2="0">
   <subfield code="a">Curriculum construction for non-formal education for the age group 15-25 :</subfield>
   <subfield code="b">report of the National Workshop, Narendrapur, Sept. 16-22, 1976.</subfield>
  </datafield>
  <datafield tag="260" ind1=" " ind2=" ">
   <subfield code="a">New Delhi :</subfield>
   <subfield code="b">Indian Adult Education Association,</subfield>
   <subfield code="c">1977.</subfield>
  </datafield>
  <datafield tag="300" ind1=" " ind2=" ">
   <subfield code="a">46 p. ;</subfield>
   <subfield code="c">21 cm.</subfield>
  </datafield>
  <datafield tag="490" ind1="1" ind2=" ">
   <subfield code="a">Series / Indian Adult Education Association ;</subfield>
   <subfield code="v">no. 110</subfield>
  </datafield>
  <datafield tag="500" ind1=" " ind2=" ">
   <subfield code="a">&quot;Organised ... in collaboration with the Bengal Social Service League.&quot;</subfield>
  </datafield>
  <datafield tag="541" ind1="1" ind2=" ">
   <subfield code="e">00001417</subfield>
  </datafield>
  <datafield tag="650" ind1=" " ind2="0">
   <subfield code="a">Fundamental education</subfield>
   <subfield code="z">India</subfield>
   <subfield code="x">Curricula</subfield>
   <subfield code="x">Congresses.</subfield>
  </datafield>
  <datafield tag="711" ind1="2" ind2=" ">
   <subfield code="a">National Workshop on Curriculum Construction for Non-formal Education for the Age-Group 15-25</subfield>
   <subfield code="d">(1976 :</subfield>
   <subfield code="c">Narendrapur, India)</subfield>
  </datafield>
  <datafield tag="710" ind1="2" ind2=" ">
   <subfield code="a">Indian Adult Education Association.</subfield>
  </datafield>
  <datafield tag="710" ind1="2" ind2=" ">
   <subfield code="a">Bengal Social Service League.</subfield>
  </datafield>
  <datafield tag="830" ind1=" " ind2="0">
   <subfield code="a">Series (Indian Adult Education Association) ;</subfield>
   <subfield code="v">no. 110.</subfield>
  </datafield>
  <datafield tag="852" ind1="4" ind2=" ">
   <subfield code="a">Ayesha Abed Library</subfield>
   <subfield code="j">General shelf </subfield>
  </datafield>
  <datafield tag="999" ind1=" " ind2=" ">
   <subfield code="c">3931</subfield>
   <subfield code="d">3931</subfield>
  </datafield>
  <datafield tag="952" ind1=" " ind2=" ">
   <subfield code="0">0</subfield>
   <subfield code="1">0</subfield>
   <subfield code="2">ddc</subfield>
   <subfield code="4">0</subfield>
   <subfield code="6">370_194095400000000_CUR</subfield>
   <subfield code="7">0</subfield>
   <subfield code="9">3576</subfield>
   <subfield code="a">BRACUL</subfield>
   <subfield code="b">BRACUL</subfield>
   <subfield code="c">GEN</subfield>
   <subfield code="d">2009-09-15</subfield>
   <subfield code="g">4.00</subfield>
   <subfield code="l">0</subfield>
   <subfield code="o">370.1940954 CUR</subfield>
   <subfield code="p">3010001417</subfield>
   <subfield code="r">2009-09-15</subfield>
   <subfield code="t">1</subfield>
   <subfield code="w">2009-09-15</subfield>
   <subfield code="y">BK</subfield>
  </datafield>
 </record>
</collection>
